1002 1120 1092 1621 1028 1837 1188 1896 1447 1718 1881 1368 1331 1432 1375 1140 1683 1603 1683 1449 1220 1536 1108 1169 1172 1526 1485 1761 1655 1790 1032 1408 1189 1491 1235 1584 1226 1865 1552 1890 1923 1778 1310 1223 1732 1995 1943 1480 1413 1004 1911 1104 1708 1471 1003 1985 1777 1332 1301 1050 1569 1797 1447 1644 1246 1509 1237 1294 1582 1205 1125 1510 1953 1989 1399 1285 1083 1480 1359 1391 1773 1763 1514 1955 1822 1681 1349 1850 1033 1554 1877 1400 1923 1491 1003 1888 1783 1787 1707 BCNSPRNW ULIB Ver.6.0+V

เปลี่ยนเป็นภาษาไทย

Change to English
 แสดงรายละเอียดบรรณานุกรม
  กลับหน้าหลัก

Brief Record : Get Marc (ISO 2709) : E-mail record : QR code < ปิดหน้าต่าง
LEADER : 00000nam 2200000uu 4500
001    13399111776
003     ULIB
008    110627s2551||||th 000 0 tha d
020    9789749753910
090    นว.^bL111ซ 2551
100 0  Lucky Lady_Aon
245 00 ซุปเปอร์บอยสุดเฮี้ยว VS ยัยเซี้ยวสุดแสบ/^cLucky Lady_Aon
250    พิมพ์ครั้งที่ 1
260    กรุงเทพฯ :^bSugar rian,^c2551
300    191 หน้า
945    ^p149^l0^i024469
995    ทศพร
999 ^a ใช้งานได้ทุกระบบ
รายการนี้ยังไม่มีแท็ก
คุณยังไม่ได้ล็อกอิน คุณสามารถมีกิจกรรมร่วมกับเว็บไซต์ได้ แต่ต้องล็อกอินก่อน ::
  ล็อกอิน

รายการสื่อสารสนเทศ

ลำดับที่ ประเภท เลขเรียก/บาร์โค้ด สถานที่ สถานะ
1. นวนิยาย
นวนิยาย
นว. L111ซ 2551 ฉ.1 
  Barcode: 024469
ห้องสมุดวิทยาเขตสวรรค์ประชารักษ์
►นวนิยาย
บนชั้น
  ขอยืม

BibComment


ยังไม่เคยถูกคอมเมนท์

คอมเมนท์ทรัพยากรรายการนี้
  คอมเมนท์: ซุปเปอร์บอยสุดเฮี..


 Copyright 2026. Bcnsprnw @Library